000
00303nam a22001337a 4500
008
180215b xxu||||| |||| 00| 0 eng d
020
_a
008093001
041
_a
eng
080
_a
621
100
_a
27
101
_a
MEK
245
_a
Automation and Technological Change
_c
Wriston, H.M
942
_2
udc
_c
BK
999
_c
42642
_d
42642